00635 2200229 4500001002100000005001700021008004100038035002400079040001500103082001300118090002000131100001500151245007700166250001100243260003100254300002900285650002200314650002700336850001200363990001500375990001500390YOGYA-0209000000862120090227021128.0 ind  0010-020900000008621 aYOPDYOG(B) a177.6365 a177.6365bAny R aANY, Anjar aRahasia ramalan Jayabaya, Ronggowarsita dan Sabda PaloncOleh Andjar Any aCet. 5 aSemarangbAneka Ilmuc1990 avi, 118 hlmbilusc21 cm aRamalan Djojobojo aRamalan jangka panjang aYOPDYOG a98P0114259 a99P0000751